[Event "Tivat Vukmanovic Memorial op"]
[Site "Tivat"]
[Date "2011.04.24"]
[Round "9"]
[White "Marovic, Mato"]
[Black "Kosoric, Luka"]
[Result "1/2-1/2"]
[WhiteElo "2063"]
[BlackElo "2103"]
[PlyCount "177"]
[EventDate "2011.04.16"]
[EventType "swiss"]
[EventRounds "9"]
[EventCountry "MNE"]
[SourceTitle "CBM 141 Extra"]
[Source "ChessBase"]
[SourceDate "2011.05.03"]
[SourceVersion "1"]
[SourceVersionDate "2011.05.03"]
[SourceQuality "1"]

1. e4 d6 2. f4 g6 3. Bc4 Nf6 4. Nc3 Bg7 5. Nf3 0-0 6. d3 c6 7. Qe2 d5 8. Bb3 Na6 9. e5 Ne8 10. 0-0 Nc5 11. Nd1 Nc7 12. c3 Nxb3 13. axb3 c5 14. Nf2 b6 15. Qc2 Bb7 16. d4 cxd4 17. Nxd4 Qd7 18. Be3 Nb5 19. Qe2 Nxd4 20. Bxd4 a5 21. Qe3 b5 22. b4 axb4 23. cxb4 Rfe8 24. Bc5 h5 25. Rae1 Ra6 26. Rd1 Bf8 27. Nd3 Qf5 28. Nf2 Ra2 29. Qb3 Rea8 30. g3 h4 31. Rfe1 hxg3 32. hxg3 e6 33. Be3 Qh5 34. Bd4 R2a4 35. Nd3 Qh3 36. Kf2 Qh2+ 37. Kf3 Qh5+ 38. Kg2 Qf5 39. Kf2 Rc8 40. Nc5 Bxc5 41. bxc5 Bc6 42. Qd3 Rca8 43. Qxf5 gxf5 44. Ke3 Rb4 45. Rg1 Raa4 46. Rd2 Rb3+ 47. Rd3 Rxd3+ 48. Kxd3 Kf8 49. Rh1 Ke7 50. Rh8 Ra8 51. Rh1 Rg8 52. Rh3 Ra8 53. Ke3 Rg8 54. Kf2 Ra8 55. Rh1 Ra4 56. Rd1 Ra8 57. Kf3 Rg8 58. Ra1 Ra8 59. Ra3 Kd7 60. g4 fxg4+ 61. Kg3 Ke7 62. Kxg4 Rg8+ 63. Kf3 Ra8 64. Ke3 Kd7 65. Kd2 Rxa3 66. bxa3 Kc7 67. Bc3 Bd7 68. Ke3 Kc6 69. Bd4 Bc8 70. Kf3 Bb7 71. Kg4 Kd7 72. Kg5 Ke7 73. Kh6 Kf8 74. Kh7 Bc6 75. Be3 Bd7 76. Bf2 Bc6 77. Kh6 Bd7 78. Kg5 Ke7 79. Bh4 Bc6 80. Kg4+ Ke8 81. f5 Bd7 82. f6 Kf8 83. Bf2 Kg8 84. Bd4 Kh7 85. Kg5 Bc6 86. Bf2 Be8 87. Bd4 Bc6 88. Bc3 Be8 89. Kh5 1/2-1/2

[Event "Tivat Vukmanovic Memorial op"]
[Site "Tivat"]
[Date "2011.04.23"]
[Round "8"]
[White "Kosoric, Luka"]
[Black "Colpa, Husein"]
[Result "0-1"]
[WhiteElo "2103"]
[BlackElo "2008"]
[PlyCount "238"]
[EventDate "2011.04.16"]
[EventType "swiss"]
[EventRounds "9"]
[EventCountry "MNE"]
[SourceTitle "CBM 141 Extra"]
[Source "ChessBase"]
[SourceDate "2011.05.03"]
[SourceVersion "1"]
[SourceVersionDate "2011.05.03"]
[SourceQuality "1"]

1. e4 c5 2. Nf3 d6 3. d4 cxd4 4. Nxd4 Nf6 5. Nc3 a6 6. Be2 e6 7. Be3 Be7 8. Qd2 b5 9. a3 Bb7 10. f3 Nbd7 11. g4 Nb6 12. h4 Qc7 13. g5 Nfd7 14. 0-0-0 Rc8 15. Ndxb5 axb5 16. Nxb5 Qb8 17. Nxd6+ Bxd6 18. Qxd6 Qxd6 19. Rxd6 Nc4 20. Bxc4 Rxc4 21. Rhd1 Bc8 22. b3 Rc3 23. Bd4 Rxf3 24. Bxg7 Rg8 25. Bf6 Rxf6 26. gxf6 Nxf6 27. Rd8+ Ke7 28. e5 Rxd8 29. exf6+ Ke8 30. Rg1 e5 31. Rg5 Rd5 32. c4 Rd3 33. Rxe5+ Be6 34. Kc2 Rf3 35. a4 Kd7 36. a5 Rxf6 37. Kc3 Kc6 38. b4 Rf4 39. Rc5+ Kd6 40. a6 Rf3+ 41. Kb2 Rg3 42. a7 Rg8 43. Ra5 Ra8 44. Kc3 Kc6 45. Rh5 Rxa7 46. b5+ Kb6 47. Kb4 Ra1 48. c5+ Kb7 49. Rxh7 Rb1+ 50. Ka5 Bc4 51. c6+ Kc7 52. Rh5 Be6 53. Rh8 Bc4 54. Rh5 Ra1+ 55. Kb4 Be6 56. Rh8 Rg1 57. Kc5 Rc1+ 58. Kb4 Rc4+ 59. Ka5 Rf4 60. h5 Bb3 61. b6+ Kxc6 62. Rc8+ Kb7 63. Rc7+ Kb8 64. Rc5 Ra4+ 65. Kb5 Rh4 66. Ka6 Bc4+ 67. Ka5 Be2 68. Rc7 Rxh5+ 69. Ka4 Rf5 70. Kb4 Ba6 71. Kc3 Bc8 72. Kb4 Rf1 73. Kb5 f5 74. Rf7 f4 75. Kc6 Rc1+ 76. Kd6 Rf1 77. Kc6 f3 78. Rf8 f2 79. b7 Rc1+ 80. Kb6 Rb1+ 81. Kc6 Rxb7 82. Rxf2 Rc7+ 83. Kb6 Rh7 84. Rf6 Ra7 85. Rf8 Ra6+ 86. Kb5 Re6 87. Rh8 Kc7 88. Kc5 Re5+ 89. Kd4 Ra5 90. Rh6 Bb7 91. Kc4 Bc6 92. Kb4 Rg5 93. Rh4 Kb6 94. Rf4 Ra5 95. Rf6 Ra4+ 96. Kb3 Re4 97. Kc3 Kc5 98. Rf8 Re3+ 99. Kd2 Rh3 100. Rc8 Kd5 101. Rd8+ Ke4 102. Rb8 Ke5 103. Rb4 Be4 104. Rb8 Rd3+ 105. Ke2 Rc3 106. Kd2 Rg3 107. Ke2 Kf4 108. Kd2 Rd3+ 109. Ke2 Rc3 110. Rf8+ Bf5 111. Kd1 Rh3 112. Kc1 Rh2 113. Kd1 Ke4 114. Rf7 Kd3 115. Kc1 Be4 116. Rd7+ Ke3 117. Rg7 Bd3 118. Rd7 Rc2+ 119. Kd1 Rb2 0-1

[Event "Tivat Vukmanovic Memorial op"]
[Site "Tivat"]
[Date "2011.04.22"]
[Round "7"]
[White "Karisik, Nenad"]
[Black "Kosoric, Luka"]
[Result "1-0"]
[WhiteElo "2015"]
[BlackElo "2103"]
[PlyCount "53"]
[EventDate "2011.04.16"]
[EventType "swiss"]
[EventRounds "9"]
[EventCountry "MNE"]
[SourceTitle "CBM 141 Extra"]
[Source "ChessBase"]
[SourceDate "2011.05.03"]
[SourceVersion "1"]
[SourceVersionDate "2011.05.03"]
[SourceQuality "1"]

1. e4 d6 2. d4 Nf6 3. Nc3 g6 4. Bg5 Bg7 5. Qd2 h6 6. Bf4 g5 7. Bg3 Nh5 8. 0-0-0 Nc6 9. Nge2 e6 10. f3 Nxg3 11. hxg3 Bd7 12. f4 Na5 13. d5 Qf6 14. dxe6 Bxe6 15. e5 dxe5 16. Nd5 Bxd5 17. Qxd5 exf4 18. Nc3 Qb6 19. Re1+ Kf8 20. Na4 Qb4 21. Re4 Qd6 22. Qxa5 Rd8 23. Bd3 fxg3 24. Rf1 Bf6 25. Qf5 Kg7 26. Nc5 Qc6 27. Ne6+ 1-0

[Event "SCG-chT 4th"]
[Site "Vrnjacka Banja"]
[Date "2006.05.05"]
[Round "5"]
[White "Leskur, Dejan"]
[Black "Kosoric, Luka"]
[Result "1-0"]
[WhiteElo "2475"]
[BlackElo "2101"]
[PlyCount "105"]
[EventDate "2006.05.01"]
[EventType "team"]
[EventRounds "7"]
[EventCountry "YUG"]
[SourceTitle "CBM 112 Extra"]
[Source "ChessBase"]
[SourceDate "2006.07.14"]
[SourceVersion "1"]
[SourceVersionDate "2006.07.14"]
[SourceQuality "1"]

1. e4 d6 2. d4 g6 3. Nc3 Bg7 4. f4 Nf6 5. Nf3 0-0 6. Bd3 c5 7. dxc5 dxc5 8. 0-0 Nc6 9. Kh1 Bg4 10. e5 Nd5 11. Ne4 b6 12. c3 Nc7 13. h3 Bf5 14. Qe2 Qc8 15. Be3 c4 16. Bc2 Na5 17. g4 Be6 18. Bd4 Bd5 19. f5 Nb5 20. e6 Nxd4 21. exf7+ Rxf7 22. Nxd4 Bxd4 23. cxd4 gxf5 24. gxf5 Kh8 25. Kh2 Nc6 26. Ng3 Qc7 27. Qe3 Rg8 28. Rf4 Rfg7 29. Rg1 Qd6 30. a3 b5 31. Be4 Bxe4 32. Qxe4 a5 33. f6 exf6 34. Nf5 Qxf4+ 35. Qxf4 Rxg1 36. Ne3 R8g6 37. h4 Re1 38. h5 Re2+ 39. Kh3 Rg7 40. Ng4 Re1 41. Qxf6 Rb1 42. Nh2 h6 43. Qxh6+ Kg8 44. Qxc6 Rbg1 45. Qxb5 R7g3+ 46. Kh4 R1g2 47. Qe8+ Kg7 48. Qe7+ Kh6 49. Qe6+ Kg7 50. Ng4 Rg1 51. Kg5 R3g2 52. Qe7+ Kh8 53. Kh6 1-0

[Event "SCG-chT1"]
[Site "Vrnjacka Banja"]
[Date "2005.10.19"]
[Round "3"]
[White "Nadj Hedjesi, Balind"]
[Black "Kosoric, Luka"]
[Result "1-0"]
[WhiteElo "2378"]
[BlackElo "2098"]
[PlyCount "157"]
[EventDate "2005.10.17"]
[EventType "team"]
[EventRounds "11"]
[EventCountry "YUG"]
[SourceTitle "EXT 2006"]
[Source "ChessBase"]
[SourceDate "2005.11.24"]
[SourceVersion "1"]
[SourceVersionDate "2005.11.24"]
[SourceQuality "1"]

1. e4 g6 2. d4 d6 3. Nc3 Bg7 4. Be3 Nf6 5. h3 c6 6. Nf3 Qa5 7. Qd2 0-0 8. Bd3 e5 9. dxe5 dxe5 10. 0-0 Nh5 11. a3 Qc7 12. Ne2 Be6 13. Ng5 Qe7 14. Qb4 Re8 15. Nxe6 fxe6 16. Qxe7 Rxe7 17. Bc4 Nd7 18. Rfd1 Kf7 19. Rd6 Nb6 20. Bb3 Nf6 21. f3 Ne8 22. Rd2 Rd7 23. Rad1 Nf6 24. Rd6 Re8 25. Rxd7+ Nfxd7 26. a4 Re7 27. g4 Nf8 28. a5 Nc8 29. Nc3 Rd7 30. Ra1 Bf6 31. Na4 Be7 32. g5 Nd6 33. Nc5 Rc7 34. Nd3 Nd7 35. h4 Nb5 36. c3 Bd6 37. Rd1 Ke7 38. Ba4 a6 39. Kg2 c5 40. c4 Nd4 41. h5 Kf7 42. hxg6+ hxg6 43. Rh1 Kg7 44. f4 exf4 45. Nxf4 Nf8 46. Rd1 Rf7 47. Nd3 e5 48. Bxd4 exd4 49. e5 Be7 50. Rf1 Rxf1 51. Kxf1 Kf7 52. Ke2 Ke6 53. Bc2 Kd7 54. Kf3 Ne6 55. Ke4 Kc6 56. Ba4+ Kc7 57. Kd5 Nxg5 58. Nxc5 Bxc5 59. Kxc5 d3 60. Kd4 d2 61. Ke3 Kd8 62. Bd1 Nf7 63. e6 Ne5 64. b3 Nc6 65. Kxd2 Ke7 66. Kc3 Nxa5 67. Kb4 Nc6+ 68. Kc5 Kxe6 69. Kb6 Nd8 70. Bf3 g5 71. c5 Nc6 72. Kxb7 Na5+ 73. Kb6 Nxb3 74. Bg4+ Kd5 75. Bf3+ Ke6 76. c6 Nd4 77. c7 Nxf3 78. c8Q+ Ke5 79. Qg4 1-0

[Event "SCG-chT1"]
[Site "Vrnjacka Banja"]
[Date "2005.10.18"]
[Round "2"]
[White "Vukic, Milan"]
[Black "Kosoric, Luka"]
[Result "1-0"]
[WhiteElo "2478"]
[BlackElo "2098"]
[PlyCount "85"]
[EventDate "2005.10.17"]
[EventType "team"]
[EventRounds "11"]
[EventCountry "YUG"]
[SourceTitle "EXT 2006"]
[Source "ChessBase"]
[SourceDate "2005.11.24"]
[SourceVersion "1"]
[SourceVersionDate "2005.11.24"]
[SourceQuality "1"]

1. Nf3 Nf6 2. g3 g6 3. b3 Bg7 4. Bb2 0-0 5. Bg2 c6 6. 0-0 d6 7. d4 Bf5 8. Re1 Na6 9. Nbd2 Qd7 10. e4 Bg4 11. a3 Nh5 12. e5 Rad8 13. Qe2 Nc7 14. Nc4 Nd5 15. Ne3 Nxe3 16. Qxe3 f5 17. e6 Qc8 18. Ng5 f4 19. Qd3 Rde8 20. c4 Bf5 21. Qe2 fxg3 22. hxg3 Bf6 23. Nh3 Ng7 24. d5 Bxb2 25. Qxb2 cxd5 26. cxd5 Bxh3 27. Bxh3 Qc5 28. Red1 Rf3 29. Kg2 Ref8 30. Rd2 Rc3 31. Bg4 h5 32. Bd1 Nf5 33. Qb1 Rf6 34. Qe4 Rc1 35. Raa2 a6 36. a4 Qc7 37. Rac2 Rxc2 38. Qxc2 Qb6 39. Qc3 a5 40. Bc2 Nh6 41. Qxf6 exf6 42. e7 Kf7 43. Re2 1-0